Derecho penal empresario
Uloženo v:
| Hlavní autor: | |
|---|---|
| Médium: | Kniha |
| Jazyk: | španělština |
| Vydáno: |
Buenos Aires
B de la F Ltda
2010
|
| Témata: | |
| Tagy: |
Přidat tag
Žádné tagy, Buďte první, kdo vytvoří štítek k tomuto záznamu!
|
MARC
| LEADER | 00000nam a2200000 a 4500 | ||
|---|---|---|---|
| 001 | UCG3053 | ||
| 003 | CL-VaPUC | ||
| 008 | 100805e20100000AG |||||||||||||||||spa|d | ||
| 020 | |a 9789974676459 | ||
| 082 | 0 | 4 | |a 345 |b YAC |2 21 |
| 100 | 0 | |a Yacobucci, Guillermo J |e author |9 551848 | |
| 245 | 1 | 0 | |a Derecho penal empresario |
| 300 | |a 1009 p | ||
| 942 | |c BK | ||
| 945 | |d 20100805 00:00:00 |a mfarfan | ||
| 260 | |a Buenos Aires |b B de la F Ltda |c 2010 | ||
| 650 | 7 | |a DERECHO PENAL |2 CL-VaPUC |9 11 | |
| 650 | 7 | |a EMPRESARIOS |2 CL-VaPUC |9 315086 | |
| 650 | 0 | |a Empresas |9 255569 | |
| 650 | 0 | |a Responsabilidad penal |9 254899 | |
| 583 | |a last modification |c 20100805 00:00:00 |k Rodrigo Vera | ||
| 999 | |c 342151 |d 342149 | ||
| 952 | |0 0 |1 0 |4 0 |6 345_000000000000000_YAC_2010 |7 0 |8 A |9 438154 |a BIBDER |b BIBDER |d 2019-11-22 |i 470200K |l 1 |o 345 YAC 2010 |p 470200K |r 2023-07-20 |s 2023-07-20 |w 2019-11-22 |y BK |k DER | ||